Top 50 Countries By Military Power - Statistics

General Stats
  • This quiz has been taken 66 times
  • The average score is 14 of 50
Answer Stats
Rank Answer % Correct
2 Russia
100%
3 China
98%
1 United States of America
98%
4 India
89%
6 United Kingdom
70%
7 Japan
65%
5 South Korea
65%
9 Pakistan
54%
8 Turkey
54%
11 France
48%
10 Italy
48%
12 Brazil
43%
14 Iran
37%
13 Indonesia
35%
15 Egypt
28%
19 Germany
28%
16 Australia
24%
24 Taiwan
22%
17 Israel
20%
21 Poland
20%
23 Saudi Arabia
20%
27 Canada
19%
20 Spain
19%
25 Thailand
17%
18 Ukraine
17%
22 Vietnam
17%
31 Mexico
15%
36 North Korea
15%
28 Argentina
13%
26 Algeria
11%
40 Netherlands
11%
39 Nigeria
11%
33 South Africa
11%
29 Sweden
11%
44 Colombia
9%
32 Greece
9%
45 Iraq
9%
42 Malaysia
9%
35 Myanmar
9%
50 Finland
7%
41 Norway
7%
38 Portugal
7%
47 Romania
7%
43 Switzerland
7%
37 Bangladesh
4%
46 Czech Republic
4%
48 Denmark
4%
49 Ethiopia
4%
30 Singapore
4%
34 Phillipines
0%
No matching quizzes found
Score Distribution
Percent of People with Each Score
Percentile by Number Answered
Your Score History
You have not taken this quiz